| 000 | 00933nam a22002417a 4500 | ||
|---|---|---|---|
| 005 | 20240530110533.0 | ||
| 008 | 160322s2012 ua g 000 1 ara d | ||
| 017 |
_a2012/3323 _bمصر . دار الكتب المصرية |
||
| 020 | _a9789774990663 | ||
| 040 | _aEG-CaGPL | ||
| 082 | 0 | 4 |
_221 _a809\ _bت م |
| 100 | 1 | _aتودوروف ، تزفيتان | |
| 245 | 1 | 0 |
_aميخائيل باختين : _bالمبدا الحوارى / _cتزفيتان تودوروف ؛ ترجمة فخرى صالح |
| 250 | _aط1 | ||
| 260 |
_aالقاهرة : _bرؤية للنشر و التوزيع ، _c2012 . |
||
| 300 |
_a290 ص ؛ _c19 سم . |
||
| 504 | _aيشتمل على ارجاعات ببليوجرافية | ||
| 650 | 0 | 4 |
_aالادب _xتاريخ و نقد |
| 650 | 0 | 4 |
_aالادب _xفلسفة و نظريات |
| 700 | 0 |
_aفخرى صالح _eمترجم |
|
| 942 |
_2ddc _cBK |
||
| 999 |
_c62121 _d62121 |
||